000 00342nam a2200133Ia 4500
005 20260328101526.0
008 260328s9999||||xx |||||||||||||| ||und||
100 _aLaviada, Laura de
245 0 _aLegorreta :
_b Arqitectura 2003-2010 /
_cLaura de Laviada
260 _bArea Editores
300 _a302 p.
650 _aARQUITECTOS
942 _cBK
999 _c9788
_d9788